Statistiques concernant Clubs de Ligue 1 (2017-2018)

Cliquez ici pour prendre le quiz!

Statistiques générales

  • Ce quiz a été pris 643 fois
  • Le résultat moyen est 17 sur 20

Statistiques - réponses

Classement 2016-2017Club% Correct
2eParis Saint-Germain
100%
1erAS Monaco
99%
5eOlympique de Marseille
99%
4eOlympique lyonnais
99%
6eGirondins de Bordeaux
95%
3eOGC Nice
95%
11eLille OSC
94%
13eToulouse FC
93%
7eFC Nantes
92%
9eStade rennais FC
92%
8eAS Saint-Etienne
91%
1er (L2)RC Strasbourg
88%
15eMontpellier HSC
82%
14eFC Metz
79%
2e (L2)Amiens SC
72%
12eAngers SCO
72%
16eDijon FCO
72%
10eEA Guingamp
70%
17eSM Caen
69%
3e (L2)ES Troyes AC
67%

Distribution des résultats

Percentile par nombre de réponses

% des personnes avec chaque résultat

Votre développement - résultats

Vous n’avez pas pris ce quiz